Dutch Provinces by HDI - Statistics

General Stats
  • This quiz has been taken 40 times
  • The average score is 9 of 12
Answer Stats
HDI Province % Correct
0.964 North Holland
100%
0.954 South Holland
100%
0.969 Utrecht
100%
0.955 North Brabant
88%
0.944 Gelderland
76%
0.951 Groningen
72%
0.944 Limburg
72%
0.933 Flevoland
60%
0.931 Friesland
60%
0.942 Overijssel
60%
0.930 Zeeland
60%
0.926 Drenthe
48%
No matching quizzes found
Score Distribution
Percent of People with Each Score
Percentile by Number Answered
Your Score History
You have not taken this quiz